000 00272nam a22001217a 4500
008 170918b xxu||||| |||| 00| 0 eng d
041 _aeng
080 _a7
100 _a44
101 _aART
245 _aTHE COMPLETE PAINTINGS OF DURER
_cSMITH.A
942 _2udc
_cBK
999 _c27990
_d27990